000 00516nam a22001577a 4500
003 OSt
005 20260127143316.0
008 260127b |||||||| |||| 00| 0 eng d
040 _cMRSPTU
041 _aEnglish
100 _aRamandeep Singh, Supervisor: Gurprit Singh Bath
245 _aEffect of Waste Asbestors Sheet on the Behavior of Concrete with its Partial Replacement by Coarse Aggregates
260 _bDepartment of Civil Engg. MRSPTU, Bathinda
_c2017
650 _aCivil Engineering
942 _2ddc
_cTH
_n0
999 _c10759
_d10759